000 00609nam a22002417a 4500
003 LK-CoDNM
005 20241121092551.0
008 241015b |||||||| |||| 00| 0 eng d
040 _aLK-CoDNM
_dLK-CoDNM
_eLK-CoDNM
041 _aeng
080 _aPM
_bE2.9
100 _a
245 _aThe Maha Bodhi-1939 ( Vol.47 )
_bNo.5 & 6
260 _aCulcutta
_bGouranga press
_c1939
300 _b92p. : ill ; 25 cm
500 _aMonthly magazine
650 _aThe Maha Bodhi-1939 ( Vol.47 )
650 _aNo.5 & 6
650 _aPM E2.9
650 _a1939
650 _aMonthly magazine
942 _cBK
999 _c231463
_d231463